Character people / (Record no. 116891)
[ view plain ]
| 000 -LEADER | |
|---|---|
| campo de control de longitud fija | 00967nam0a22003373i 4500 |
| 001 - NÚMERO DE CONTROL | |
| campo de control | IT\ICCU\TO0\0571655 |
| 003 - IDENTIFICADOR DE NÚMERO DE CONTROL | |
| campo de control | http://id.sbn.it/bid/TO00571655 |
| 005 - FECHA Y HORA DE LA ÚLTIMA TRANSACCIÓN | |
| campo de control | 20230411090817.0 |
| 007 - CAMPO FIJO DE DESCRIPCIÓN FÍSICA--INFORMACIÓN GENERAL | |
| campo de control de longitud fija | ta |
| 008 - DATOS DE LONGITUD FIJA--INFORMACIÓN GENERAL | |
| campo de control de longitud fija | 220901b1976 nju||||| |||| 00| 0 eng d |
| 010 ## - NÚMERO DE CONTROL DE LA BIBLIOTECA DEL CONGRESO | |
| Número de control de LC | 0806506695 |
| 010 ## - NÚMERO DE CONTROL DE LA BIBLIOTECA DEL CONGRESO | |
| Número de control de LC | 0806507012 |
| Número de control de NUCMC | Quarta di copertina |
| 020 ## - NÚMERO INTERNACIONAL ESTÁNDAR DEL LIBRO | |
| Número Internacional Estándar del Libro | 0806506695 |
| 040 ## - FUENTE DE CATALOGACIÓN | |
| Lengua de catalogación | spa |
| Centro/agencia transcriptor | BJBSDDR |
| 041 ## - CÓDIGO DE IDIOMA | |
| Código de lengua del texto/banda sonora o título independiente | eng |
| 050 ## - SIGNATURA TOPOGRÁFICA DE LA BIBLIOTECA DEL CONGRESO | |
| Número de ítem | J76 1976 |
| 100 1# - ENTRADA PRINCIPAL--NOMBRE DE PERSONA | |
| Nombre de persona | Jones, Ken D., |
| 9 (RLIN) | 24616 |
| Fechas asociadas al nombre | 1930-2014 |
| 210 ## - TÍTULO ABREVIADO | |
| Título abreviado | Secaucus, New Jersey |
| 245 10 - MENCIÓN DEL TÍTULO | |
| Título | Character people / |
| Mención de responsabilidad, etc. | Ken D. Jones, Arthur F. McClure, Alfred E. Twomey |
| 260 ## - PUBLICACIÓN, DISTRIBUCIÓN, ETC. | |
| Lugar de publicación, distribución, etc. | N.J. |
| Nombre del editor, distribuidor, etc. | Citadel Press, Secaucus |
| Fecha de publicación, distribución, etc. | 1976 |
| 300 ## - DESCRIPCIÓN FÍSICA | |
| Extensión | 209 p.: |
| Otras características físicas | ill.; |
| Dimensiones | 29 cm |
| 520 ## - RESUMEN, ETC. | |
| Sumario, etc. | Brief profiles of 211 popular character actors and actresses |
| 700 1# - ENTRADA AGREGADA--NOMBRE PERSONAL | |
| Nombre de persona | McClure, Arthur F., |
| 9 (RLIN) | 24617 |
| Fechas asociadas al nombre | 1909-2000 |
| 700 1# - ENTRADA AGREGADA--NOMBRE PERSONAL | |
| Nombre de persona | Twomey, Alfred E. |
| 9 (RLIN) | 24618 |
| 899 ## - PUNTO DE ACCESO ADICIONAL DE SERIE LOCAL--TÍTULO UNIFORME (RLIN) | |
| Fecha de publicación/de la obra | P/G |
| 899 ## - PUNTO DE ACCESO ADICIONAL DE SERIE LOCAL--TÍTULO UNIFORME (RLIN) | |
| Fecha de publicación/de la obra | P/G |
| 899 ## - PUNTO DE ACCESO ADICIONAL DE SERIE LOCAL--TÍTULO UNIFORME (RLIN) | |
| Fecha de publicación/de la obra | P/G |
| 899 ## - PUNTO DE ACCESO ADICIONAL DE SERIE LOCAL--TÍTULO UNIFORME (RLIN) | |
| Fecha de publicación/de la obra | P/G |
| 899 ## - PUNTO DE ACCESO ADICIONAL DE SERIE LOCAL--TÍTULO UNIFORME (RLIN) | |
| Fecha de publicación/de la obra | P/G |
| 942 ## - ELEMENTOS DE ENTRADA SECUNDARIOS (KOHA) | |
| Fuente del sistema de clasificación o colocación | Clasificación de Library of Congress |
| Tipo de ítem Koha | Libro |
| Estatus retirado | Estado de pérdida | Fuente del sistema de clasificación o colocación | Estado de daño | No para préstamo | Colección | Biblioteca de origen | Biblioteca actual | Ubicación en estantería | Fecha de adquisición | Signatura topográfica completa | Código de barras | Visto por última vez | Copia número | Tipo de ítem Koha |
|---|---|---|---|---|---|---|---|---|---|---|---|---|---|---|
| Clasificación de Library of Congress | Automatización y Procesos Técnicos | Biblioteca Juan Bosch | Biblioteca Juan Bosch | Automatización y Procesos Técnicos (1er. Piso) | 01/09/2022 | J76 1976 | 00000160131 | 01/09/2022 | 1 | Libro |
